Bezpečné a efektívne využitie flokulantov pri čistení vybraných priemyselných odpadových vôd
Guardado en:
| Autor principal: | |
|---|---|
| Otros Autores: | |
| Formato: | Manuscrito Libro |
| Lenguaje: | eslovaco |
| Publicado: |
2025
|
| Materias: | |
| Acceso en línea: | http://is.stuba.sk/zp/portal_zp.pl?podrobnosti=183735 |
| Etiquetas: |
Sin Etiquetas, Sea el primero en etiquetar este registro!
|
MARC
| LEADER | 00000ntm a22000003a 4500 | ||
|---|---|---|---|
| 001 | stuzp105469 | ||
| 003 | SK-STU | ||
| 005 | 20250614213844.5 | ||
| 007 | ta | ||
| 008 | 150427s2015----xo-----f-mn---000-0-slo-d | ||
| 040 | |a STU |b slo | ||
| 041 | 0 | |a slo | |
| 100 | 1 | |a Královičová, Zuzana |u 065000 |4 aut |U MTF Materiálovotechnologická fakulta |T MTF Ústav integrovanej bezpečnosti |X 111514 |U M5000 |Y 85 |7 111514 | |
| 242 | 0 | 1 | |a Safe and effective use of flocculants in the treatment of selected industrial wastewater |y eng |
| 245 | 1 | 0 | |a Bezpečné a efektívne využitie flokulantov pri čistení vybraných priemyselných odpadových vôd |
| 260 | |c 2025 | ||
| 650 | 4 | |a flocculant |2 eng | |
| 650 | 4 | |a industrial wastewater |2 eng | |
| 650 | 4 | |a clarification |2 eng | |
| 650 | 4 | |a flocculation |2 eng | |
| 650 | 4 | |a flokulant |2 slo | |
| 650 | 4 | |a flokulácia |2 slo | |
| 650 | 4 | |a čírenie |2 slo | |
| 650 | 4 | |a priemyselné odpadové vody |2 slo | |
| 700 | 1 | |a Blinová, Lenka |u 065100 |k Z1 |4 ths |U MTF Ústav integrovanej bezpečnosti |T MTF Katedra environmentálneho inžinierstva |X 34036 |U M5100 |Y 194 |7 A000034036 | |
| 856 | 4 | |u http://is.stuba.sk/zp/portal_zp.pl?podrobnosti=183735 | |
| 996 | |c M* DP-15585 |l MMSKP |s P |a 0 |w stuzp105469_0001 | ||